Statistics for UFC Main Event Winners in 2019

Click here to take the quiz!

General Stats

  • This quiz has been taken 52 times
  • The average score is 26 of 41

Answer Stats

DateWinnerviaLoser% Correct
Jan 19Henry CejudoKO/TKO (1)T.J. Dillashaw
95%
Jun 8Henry CejudoKO/TKO (3)Marlon Moraes
95%
Feb 9Israel AdesanyaDecisionAnderson Silva
95%
Oct 5Israel AdesanyaKO/TKO (2)Robert Whittaker
95%
Mar 16Jorge MasvidalKO/TKO (2)Darren Till
95%
Nov 2Jorge MasvidalKO/TKO (3)Nate Diaz
95%
Jul 6Jon JonesDecisionThiago Santos
90%
Mar 2Jon JonesDecisionAnthony Smith
90%
Dec 14Kamaru UsmanKO/TKO (5)Colby Covington
90%
Sep 7Khabib NurmagomedovSubmission (3)Dustin Poirier
90%
Aug 17Stipe MiocicKO/TKO (4)Daniel Cormier
90%
Jun 29Francis NgannouKO/TKO (1)Junior dos Santos
88%
Feb 17Francis NgannouKO/TKO (1)Cain Velasquez
88%
Apr 13Dustin PoirierDecisionMax Holloway
80%
Jul 27Max HollowayDecisionFrankie Edgar
75%
Aug 3Colby CovingtonDecisionRobbie Lawler
73%
Mar 30Justin GaethjeKO/TKO (1)Edson Barboza
73%
Sep 14Justin GaethjeKO/TKO (1)Donald Cerrone
73%
Oct 26Demian MaiaSubmission (3)Ben Askren
68%
Mar 9Junior dos SantosKO/TKO (2)Derrick Lewis
68%
Mar 23Anthony PettisKO/TKO (2)Stephen Thompson
65%
May 11Jessica AndradeKO/TKO (2)Rose Namajunas
63%
Aug 31Weili ZhangKO/TKO (1)Jessica Andrade
60%
Oct 18Dominick ReyesKO/TKO (1)Chris Weidman
58%
Feb 23Thiago SantosKO/TKO (3)Jan Blachowicz
58%
Apr 20Alistair OvereemKO/TKO (1)Aleksei Oleinik
50%
Dec 7Jairzinho RozenstruikKO/TKO (5)Alistair Overeem
48%
Oct 12Joanna JędrzejczykDecisionMichelle Waterson
48%
Aug 10Valentina ShevchenkoDecisionLiz Carmouche
48%
Nov 9Zabit MagomedsharipovDecisionCalvin Kattar
48%
Feb 2Marlon MoraesSubmission (1)Raphael Assuncao
45%
May 18Rafael dos AnjosSubmission (4)Kevin Lee
43%
Jun 1Anthony SmithSubmission (4)Alexander Gustafsson
40%
Sep 28Jared CannonierKO/TKO (2)Jack Hermansson
40%
Dec 21Chan Sung JungKO/TKO (1)Frankie Edgar
38%
Jun 22Chan Sung JungKO/TKO (1)Renato Moicano
38%
May 4Donald CerroneDecisionAl Iaquinta
38%
Jul 20Leon EdwardsDecisionRafael dos Anjos
35%
Jul 13Germaine de RandamieKO/TKO (1)Aspen Ladd
30%
Nov 16Jan BlachowiczDecisionRonaldo Souza
28%
Apr 27Jack HermanssonDecisionRonaldo Souza
23%

Score Distribution

Percentile by Number Answered

Percent of People with Each Score

Your Score History

You have not taken this quiz